Zgadnij traktor po zdjęciu - Statystyki

Ogólne statystyki
  • Ten quiz został rozwiązany 65 razy
    27 od ostatniego zresetowania
  • Średni wynik to 19 z 58
Statystyki odpowiedzi
Obrazkowy Odpowiedź % Poprawnych
ursus
100%
mtz / belarus
83%
lamborghini
67%
massey ferguson
67%
claas
58%
deutz-fahr
58%
new holland
58%
big bud
50%
fendt
50%
jcb
50%
john deere
50%
mercedes
50%
renault
50%
valtra
50%
volvo
50%
zetor / zts
50%
case
42%
fiat
42%
kubota
42%
mccormick
42%
polmot
42%
steyr
42%
farmtrac
33%
ford
33%
fortschritt
33%
jumz / umz
33%
landini
33%
lovol
33%
wladimirec
33%
crystal
25%
fiatagri
25%
imt
25%
lanz
25%
porsche
25%
pronar
25%
raba
25%
same
25%
skoda / liaz
25%
stara
25%
dutra
17%
htz
17%
ifa
17%
iseki
17%
kirovets
17%
ltz
17%
rigi trac
17%
versatile
17%
eicher
8%
hurliman
8%
kramer
8%
leda
8%
lindner
8%
man
8%
utb
8%
vtz
8%
wtz
8%
davit brown
0%
solis
0%
Nie znaleziono quizów pasujących do podanych kryteriów
Rozkład punktacji
Procent ludzi z każdym wynikiem
Percentyl według liczby udzielonych odpowiedzi
Twoja historia wyników
Nie rozwiązałeś tego quizu od ostatniego zresetowania